000
00307cam a2200121ua 4500
082
_a
625.7
_b
PRI/FU
100
_a
Priyani, V B .
_9
1801
245
_a
Fundamental Principles of Road Engineering /
250
_a
6 /
260
_a
New Delhi :
_b
Charotar Book Stall ,
_c
1966.
300
_a
326 ; .
942
_c
BK
999
_c
4852
_d
4852